| 000 | 01099nam a22002657a 4500 | ||
|---|---|---|---|
| 003 | AUA.1 | ||
| 005 | 20251121073205.0 | ||
| 008 | 251121b |||||||| |||| 00| 0 eng d | ||
| 020 | _a9780925675521 | ||
| 040 | _cJTL | ||
| 050 |
_aBS680.F3 _bB52 2023 |
||
| 245 | 0 |
_aFamily : _bwith contemporary issues on marriage and parenting / _cEkkehardt Mueller and Elias Brasil de Souza, (eds) |
|
| 260 |
_aSilver Spring, MD : _bBiblical Research Institute; _c2023. |
||
| 300 |
_axviii, 671 pages ; _c23 cm. |
||
| 490 |
_aBiblical Research Institute studies in Biblical ethics _vVolume 3 |
||
| 500 | _aSabbath School Leadership. | ||
| 650 |
_aFamilies _vReligious aspects _xChristianity |
||
| 650 |
_aFamilies _vReligious aspects _xSeventh-day Adventists |
||
| 650 |
_aMarriage _vReligious aspects _xSeventh-day Adventists |
||
| 650 |
_aParenting _vReligious aspects _xSeventh-day Adventists |
||
| 700 |
_aMueller, Ekkehardt. _eeditor |
||
| 700 |
_ade Souza, Elias Brasil _eeditor |
||
| 830 | _aSDAPI - Seventh-day Adventist Periodical Index. | ||
| 942 |
_2lcc _cBOOK _hBS 680 .F3 _iB52 2023 |
||
| 999 |
_c25273 _d25273 |
||